[Event "Tradewise Gibraltar AmatWk2"]
[Site "Gibraltar"]
[Date "2018.01.29"]
[Round "3.25"]
[White "Ajayi, Ayokanmi"]
[Black "Klementys, Jerzy"]
[Result "1-0"]
[WhiteElo "1537"]
[BlackElo "1739"]
[PlyCount "121"]
[EventDate "2018.01.27"]
[EventType "swiss"]
[EventRounds "5"]
[EventCountry "GGB"]

1. Nf3 Nf6 2. g3 g6 3. Bg2 Bg7 4. d3 d6 5. Nbd2 O-O 6. O-O e5 7. e4 Nc6 8. c3
Bg4 9. h3 Bd7 10. Qe2 Ne7 11. a4 c5 12. Nc4 Ne8 13. a5 Bb5 14. Ne3 f5 15. exf5
gxf5 16. Ng5 Qd7 17. Nd5 h6 18. Nxe7+ Qxe7 19. Bd5+ Kh8 20. Ne6 Rf6 21. Nxg7
Qxg7 22. c4 Bc6 23. Qf3 Bxd5 24. Qxd5 f4 25. Qg2 Rg6 26. g4 Nf6 27. f3 h5 28.
Kf2 hxg4 29. hxg4 Rh6 30. Bd2 Qh7 31. Rh1 Kg7 32. Rxh6 Qxh6 33. g5 Qh4+ 34. Ke2
Nh5 35. Be1 Ng3+ 36. Bxg3 fxg3 37. f4 Rf8 38. Qxb7+ Rf7 39. Qh1 Qxh1 40. Rxh1
Rxf4 41. Ke3 Kg6 42. Rg1 Rf2 43. Rxg3 Rxb2 44. Ke4 Rb3 45. Kd5 Ra3 46. Re3 Kxg5
47. Kxd6 Kf6 48. Rxe5 Rxd3+ 49. Rd5 Rb3 50. Rxc5 Ra3 51. Kc6 Ke6 52. Kb7 Kd6
53. Rc6+ Kd7 54. Rc7+ Kd8 55. Rc5 Kd7 56. Kxa7 Kd6 57. Kb6 Rb3+ 58. Rb5 Rc3 59.
c5+ Kd7 60. a6 Ra3 61. Kb7 1-0

[Event "Tradewise Gibraltar AmatWk2"]
[Site "Gibraltar"]
[Date "2018.01.29"]
[Round "3.26"]
[White "Bussmann, John"]
[Black "Jackson, Paul R"]
[Result "1-0"]
[WhiteElo "1713"]
[BlackElo "1503"]
[PlyCount "99"]
[EventDate "2018.01.27"]
[EventType "swiss"]
[EventRounds "5"]
[EventCountry "GGB"]

1. d4 d6 2. e4 e5 3. Nf3 exd4 4. Nxd4 Nf6 5. Nc3 Be7 6. Be2 Bd7 7. Be3 Nc6 8.
h3 Nxd4 9. Bxd4 Bc6 10. Qd3 O-O 11. O-O Nd7 12. Nd5 Bxd5 13. exd5 Bf6 14. Be3
b6 15. c3 Bg5 16. f4 Bf6 17. Kh1 Qe7 18. Rae1 Rfe8 19. Bf3 Qf8 20. g4 g6 21. g5
Bg7 22. h4 Re7 23. Bd4 Rxe1 24. Rxe1 Re8 25. Rxe8 Qxe8 26. Bxg7 Qe1+ 27. Kg2
Kxg7 28. Qd4+ Kg8 29. Qe4 Qxe4 30. Bxe4 f5 31. Bc2 Kf7 32. Kf2 Ke7 33. Ke3 a5
34. b4 axb4 35. cxb4 Kd8 36. Kd4 Kc8 37. Ba4 Nf8 38. Bc6 Kb8 39. Kc4 Ka7 40.
Kb5 Kb8 41. Ka6 Kc8 42. a4 Nd7 43. Bb5 Nb8+ 44. Ka7 Nd7 45. Bxd7+ Kxd7 46. Kb7
Kd8 47. a5 bxa5 48. bxa5 c5 49. dxc6 d5 50. c7+ 1-0

[Event "Tradewise Gibraltar AmatWk2"]
[Site "Gibraltar"]
[Date "2018.01.29"]
[Round "3.27"]
[White "Melgar Guerrero, Salvador"]
[Black "Dias, Marcos Afonso"]
[Result "0-1"]
[WhiteElo "1713"]
[BlackElo "1494"]
[PlyCount "40"]
[EventDate "2018.01.27"]
[EventType "swiss"]
[EventRounds "5"]
[EventCountry "GGB"]

1. e4 c5 2. Nf3 g6 3. d4 cxd4 4. Nxd4 Nc6 5. Nc3 Bg7 6. Be3 Nf6 7. f3 O-O 8.
Qd2 d5 9. Nxc6 bxc6 10. O-O-O Be6 11. h4 Qa5 12. exd5 Rfd8 13. Bc4 Nxd5 14.
Bxd5 Bxd5 15. Nxd5 Qxa2 16. Nxe7+ Kf8 17. Qxd8+ Rxd8 18. Rxd8+ Kxe7 19. Rhd1
Qxb2+ 20. Kd2 Kxd8 0-1

[Event "Tradewise Gibraltar AmatWk2"]
[Site "Gibraltar"]
[Date "2018.01.29"]
[Round "3.28"]
[White "Popham, Sarah"]
[Black "Maldonado Mena, German"]
[Result "0-1"]
[WhiteElo "1238"]
[BlackElo "1701"]
[PlyCount "54"]
[EventDate "2018.01.27"]
[EventType "swiss"]
[EventRounds "5"]
[EventCountry "GGB"]

1. Nf3 Nf6 2. g3 g6 3. Bg2 Bg7 4. O-O O-O 5. d3 d6 6. Bg5 h6 7. Bxf6 Bxf6 8. c3
c5 9. Nbd2 Nc6 10. Qc1 Bg7 11. a3 Rb8 12. b4 cxb4 13. axb4 b5 14. Ra3 a5 15.
bxa5 Nxa5 16. Nb3 Nxb3 17. Rxb3 Be6 18. Rb4 Qa5 19. Qb2 Rfc8 20. Nd4 Bxd4 21.
cxd4 Rc7 22. Rb1 Qb6 23. Rxb5 Qxb5 24. Qxb5 Rxb5 25. Rxb5 Rc1+ 26. Bf1 Bh3 27.
Rb8+ Kg7 0-1

[Event "Tradewise Gibraltar AmatWk2"]
[Site "Gibraltar"]
[Date "2018.01.29"]
[Round "3.29"]
[White "Stai, Sondre"]
[Black "Olde, Karl Erik"]
[Result "1-0"]
[WhiteElo "1668"]
[BlackElo "1402"]
[PlyCount "51"]
[EventDate "2018.01.27"]
[EventType "swiss"]
[EventRounds "5"]
[EventCountry "GGB"]

1. d4 d5 2. e3 Nf6 3. Bd3 e6 4. f4 c5 5. c3 Nc6 6. Nf3 Be7 7. O-O O-O 8. Ne5 c4
9. Bc2 Bd7 10. Nd2 b5 11. g4 g6 12. e4 Nxe5 13. fxe5 Nxe4 14. Nxe4 dxe4 15.
Bxe4 Rc8 16. Bh6 Bg5 17. Bxf8 Kxf8 18. Qf3 Qe7 19. Rae1 Be8 20. d5 exd5 21.
Bxd5 Rd8 22. Bc6 Kg7 23. Bxe8 Rxe8 24. e6 Bf6 25. Qc6 Rf8 26. Rd1 1-0

[Event "Tradewise Gibraltar AmatWk2"]
[Site "Gibraltar"]
[Date "2018.01.29"]
[Round "3.30"]
[White "Izzard, Brian J"]
[Black "Sagar, Siya"]
[Result "1-0"]
[WhiteElo "1657"]
[BlackElo "1199"]
[PlyCount "61"]
[EventDate "2018.01.27"]
[EventType "swiss"]
[EventRounds "5"]
[EventCountry "GGB"]

1. d4 Nf6 2. Bg5 g6 3. c4 Bg7 4. Nc3 O-O 5. e4 d6 6. f3 h6 7. Be3 b6 8. Qd2 Kh7
9. Nge2 Bb7 10. Ng3 Nbd7 11. Be2 c6 12. h4 e5 13. h5 g5 14. Nf5 Qc7 15. O-O-O
a6 16. Bd3 b5 17. Kb1 b4 18. Ne2 exd4 19. Nexd4 c5 20. Ne2 Nb6 21. Neg3 Bh8 22.
Nxd6 Rad8 23. e5+ Kg8 24. Bxg5 Bg7 25. Bxh6 Nh7 26. Ngf5 Bxe5 27. Bxf8 Rxf8 28.
Nxb7 Qxb7 29. Bc2 Nxc4 30. Qh6 Nxb2 31. Nd6 1-0

[Event "Tradewise Gibraltar AmatWk2"]
[Site "Gibraltar"]
[Date "2018.01.29"]
[Round "3.31"]
[White "Dhanwani, Aditya"]
[Black "Yilmaz, Kazim"]
[Result "0-1"]
[WhiteElo "1484"]
[BlackElo "1656"]
[PlyCount "116"]
[EventDate "2018.01.27"]
[EventType "swiss"]
[EventRounds "5"]
[EventCountry "GGB"]

1. d4 d5 2. Nf3 Nf6 3. Bg5 Bf5 4. e3 e6 5. Bd3 Bxd3 6. Qxd3 c6 7. Nbd2 Nbd7 8.
Ne5 Bd6 9. Ndf3 Qc7 10. Nxd7 Nxd7 11. c3 O-O 12. O-O e5 13. dxe5 Nxe5 14. Nxe5
Bxe5 15. f4 Bd6 16. Rad1 Be7 17. a3 Bxg5 18. fxg5 Qe7 19. Rf5 Rae8 20. Re1 Qe4
21. Qxe4 Rxe4 22. Rf4 Rfe8 23. Kf2 R8e5 24. h4 Kf8 25. b3 Ke7 26. g3 Ke6 27.
Rxe4 Rxe4 28. Rf1 f5 29. gxf6 gxf6 30. Ke2 f5 31. Rf4 h5 32. Kf3 Ke5 33. c4 b6
34. a4 dxc4 35. bxc4 a6 36. Rxe4+ fxe4+ 37. Ke2 Kf5 38. Kf2 Kg4 39. Kg2 b5 40.
axb5 axb5 41. cxb5 cxb5 42. Kf2 b4 43. Ke2 Kxg3 44. Kd2 Kxh4 45. Kc2 Kg3 46.
Kd1 h4 47. Kc2 h3 48. Kb3 h2 49. Kxb4 h1=Q 50. Kc3 Qd1 51. Kc4 Kf3 52. Kc5 Kxe3
53. Kc4 Qd4+ 54. Kb3 Qc5 55. Kb2 Kd2 56. Kb3 Qc3+ 57. Ka2 Qb4 58. Ka1 Kc2 0-1

[Event "Tradewise Gibraltar AmatWk2"]
[Site "Gibraltar"]
[Date "2018.01.29"]
[Round "3.35"]
[White "Lassan, Szabolcs"]
[Black "Matto, Manuel"]
[Result "0-1"]
[WhiteElo "1346"]
[BlackElo "1814"]
[PlyCount "100"]
[EventDate "2018.01.27"]
[EventType "swiss"]
[EventRounds "5"]
[EventCountry "GGB"]

1. d4 Nf6 2. c4 g6 3. Nc3 Bg7 4. e4 d6 5. f4 O-O 6. Be2 Re8 7. Nf3 c6 8. Qc2
Nbd7 9. b4 e5 10. fxe5 dxe5 11. d5 cxd5 12. cxd5 a6 13. a4 Nf8 14. Bb2 Bg4 15.
O-O Rc8 16. Ba3 Nh5 17. b5 Nf4 18. Kh1 Nxe2 19. Qxe2 Rxc3 20. bxa6 bxa6 21.
Qxa6 Bxf3 22. Rxf3 Rxf3 23. gxf3 Qf6 24. Qxf6 Bxf6 25. a5 Ra8 26. Bb2 Nd7 27.
Kg2 Nc5 28. Ra3 Bg7 29. Kf2 Rb8 30. Ba1 f6 31. a6 Ra8 32. a7 Bf8 33. Ke2 Nxe4
34. Ra6 Nd6 35. f4 exf4 36. Bxf6 Nb5 37. Be5 Rxa7 38. Rxa7 Nxa7 39. Bxf4 Nc8
40. Kd3 Kf7 41. Kd4 Bd6 42. Bg3 Bxg3 43. hxg3 Nd6 44. Ke5 Ke7 45. Kf4 Kf6 46.
g4 g5+ 47. Kf3 Ke5 48. Ke3 Kxd5 49. Kd3 Ke5 50. Ke3 Ne4 0-1

[Event "Tradewise Gibraltar AmatWk2"]
[Site "Gibraltar"]
[Date "2018.01.29"]
[Round "3.38"]
[White "Raffo, Luis"]
[Black "Jain, Anushree"]
[Result "1-0"]
[WhiteElo "1395"]
[BlackElo "1019"]
[PlyCount "141"]
[EventDate "2018.01.27"]
[EventType "swiss"]
[EventRounds "5"]
[EventCountry "GGB"]

1. d4 d5 2. e3 Bf5 3. Nd2 Nc6 4. a3 Nf6 5. Bb5 e6 6. Nb3 Bd6 7. Na5 Qd7 8. c3
a6 9. Bxc6 bxc6 10. Qa4 Rb8 11. Qxc6 Qxc6 12. Nxc6 Rb6 13. Na5 O-O 14. b4 e5
15. Ne2 Bd3 16. Kf1 Bxe2+ 17. Kxe2 exd4 18. cxd4 Ne4 19. Bd2 Re8 20. f3 Ng5 21.
h4 Ne6 22. Kf2 Nd8 23. g4 Nc6 24. Nb3 Re6 25. Nc5 Re7 26. f4 h6 27. Rab1 Bxc5
28. dxc5 Rb8 29. a4 d4 30. b5 dxe3+ 31. Bxe3 axb5 32. axb5 Na5 33. b6 cxb6 34.
Rxb6 Rxb6 35. cxb6 f6 36. Ra1 Nc4 37. Bc5 Rb7 38. Ra7 Nd6 39. Bxd6 Rxb6 40. Ba3
Rc6 41. f5 Rc3 42. g5 hxg5 43. hxg5 Rc6 44. g6 Rc2+ 45. Ke1 Rc8 46. Kd2 Rd8+
47. Kc3 Rc8+ 48. Kd4 Rd8+ 49. Kc5 Rc8+ 50. Kb6 Rb8+ 51. Kc7 Re8 52. Kd7 Rb8 53.
Rc7 Ra8 54. Ke7 Rf8 55. Rd7 Ra8 56. Rd8+ Rxd8 57. Kxd8 Kh8 58. Ke8 Kg8 59. Bf8
Kh8 60. Ke7 Kg8 61. Bxg7 Kxg7 62. Ke6 Kh6 63. Kxf6 Kh5 64. g7 Kh6 65. g8=Q Kh5
66. Ke7 Kh4 67. f6 Kh5 68. f7 Kh4 69. f8=Q Kh5 70. Qfg7 Kh4 71. Q8h7# 1-0

[Event "Tradewise Gibraltar AmatWk2"]
[Site "Gibraltar"]
[Date "2018.01.30"]
[Round "4.1"]
[White "Kuenitz, Klaus"]
[Black "James, Kevin"]
[Result "0-1"]
[WhiteElo "1767"]
[BlackElo "1851"]
[PlyCount "74"]
[EventDate "2018.01.27"]
[EventType "swiss"]
[EventRounds "5"]
[EventCountry "GGB"]

1. d4 g6 2. c4 Bg7 3. Nf3 c5 4. Nc3 cxd4 5. Nxd4 Nc6 6. Nxc6 bxc6 7. Qc2 d6 8.
e4 Nf6 9. Be2 O-O 10. Rb1 d5 11. exd5 cxd5 12. cxd5 Nxd5 13. Nxd5 Qxd5 14. Qb3
Be6 15. Qxd5 Bxd5 16. Bf3 Bxf3 17. gxf3 Rfc8 18. Kd1 Rc6 19. Re1 Rd8+ 20. Ke2
e6 21. Bg5 Rd5 22. Rec1 Rxc1 23. Bxc1 Rh5 24. Be3 a6 25. Rc1 Bxb2 26. Rc8+ Kg7
27. Bd2 Rxh2 28. Rc6 Bd4 29. Be1 h5 30. Rxa6 h4 31. Ra4 e5 32. f4 h3 33. fxe5
Bxe5 34. Re4 f6 35. Kf3 g5 36. a4 Rh1 37. Bd2 Rg1 0-1

[Event "Tradewise Gibraltar AmatWk2"]
[Site "Gibraltar"]
[Date "2018.01.30"]
[Round "4.2"]
[White "Francois-Haugrin, Said"]
[Black "Murray, J Stephen"]
[Result "1/2-1/2"]
[WhiteElo "1714"]
[BlackElo "1771"]
[PlyCount "66"]
[EventDate "2018.01.27"]
[EventType "swiss"]
[EventRounds "5"]
[EventCountry "GGB"]

1. e4 c5 2. Nf3 d6 3. d4 cxd4 4. Nxd4 Nf6 5. Nc3 a6 6. a4 e5 7. Nf3 Be7 8. Be2
Be6 9. O-O h6 10. Re1 Nbd7 11. Bf1 Rc8 12. h3 Qc7 13. Be3 Nc5 14. Bd2 O-O 15.
b4 Ncd7 16. Bd3 Rfd8 17. Qe2 Bc4 18. Rec1 Nf8 19. Nd1 Ng6 20. Nb2 Be6 21. c4
Qd7 22. Kh2 Nh5 23. Nxe5 Nxe5 24. Qxh5 Nxd3 25. Nxd3 Rxc4 26. Rxc4 Bxc4 27. Nf4
Bf6 28. Rc1 Rc8 29. Nd5 Be5+ 30. f4 Bxd5 31. Rxc8+ Qxc8 32. fxe5 Bxe4 33. exd6
Qc6 1/2-1/2

[Event "Tradewise Gibraltar AmatWk2"]
[Site "Gibraltar"]
[Date "2018.01.30"]
[Round "4.3"]
[White "Obiamiwe, Paul"]
[Black "Mircov, Nicola-Alexandar"]
[Result "1/2-1/2"]
[WhiteElo "1891"]
[BlackElo "1754"]
[PlyCount "92"]
[EventDate "2018.01.27"]
[EventType "swiss"]
[EventRounds "5"]
[EventCountry "GGB"]

1. Nf3 d5 2. d4 c5 3. c4 e6 4. cxd5 exd5 5. Nc3 Nf6 6. g3 Nc6 7. Bg2 Be7 8. O-O
O-O 9. Bg5 c4 10. Ne5 Be6 11. h3 Nd7 12. Bxe7 Nxe7 13. Nf3 Nf6 14. Ng5 Bf5 15.
Rc1 h6 16. Nf3 b5 17. a3 Rb8 18. Nd2 Nc6 19. e3 a5 20. Qf3 Ne7 21. Rfd1 Qd7 22.
Kh2 b4 23. axb4 Rxb4 24. Nxd5 Nexd5 25. e4 Be6 26. exd5 Bxd5 27. Qa3 Bxg2 28.
Kxg2 Qxd4 29. Qxa5 Rxb2 30. Rxc4 Qd3 31. Rcc1 Qd4 32. Rc4 Qd3 33. Rcc1 Qe2 34.
Qc3 Rfb8 35. Qd4 R8b4 36. Rc8+ Kh7 37. Nc4 Ne4 38. Rf1 Nd2 39. Rc1 Qf3+ 40. Kg1
Nxc4 41. R8xc4 Rxc4 42. Qxb2 Re4 43. Qc2 g6 44. Qc3 Qf5 45. Ra1 Qe5 46. Qxe5
Rxe5 1/2-1/2

[Event "Tradewise Gibraltar AmatWk2"]
[Site "Gibraltar"]
[Date "2018.01.30"]
[Round "4.4"]
[White "Cemborain Oricain, Alfonso"]
[Black "Dennis, Nigel W"]
[Result "1/2-1/2"]
[WhiteElo "1886"]
[BlackElo "1804"]
[PlyCount "74"]
[EventDate "2018.01.27"]
[EventType "swiss"]
[EventRounds "5"]
[EventCountry "GGB"]

1. e4 c5 2. Ne2 d5 3. exd5 Qxd5 4. Nbc3 Qd8 5. g3 Nf6 6. Bg2 e6 7. O-O Be7 8.
d4 cxd4 9. Nxd4 a6 10. Be3 O-O 11. Nb3 Nc6 12. Na4 Qxd1 13. Rfxd1 Rd8 14. Nb6
Rb8 15. Bc5 Rxd1+ 16. Rxd1 Bxc5 17. Nxc5 Kf8 18. g4 h6 19. f4 Ke7 20. h3 g5 21.
fxg5 hxg5 22. c3 Nd8 23. Nxc8+ Rxc8 24. Nxb7 Nxb7 25. Bxb7 Rb8 26. Bxa6 Rxb2
27. a4 Rb3 28. Rc1 Ne4 29. c4 Rxh3 30. c5 Rc3 31. Rxc3 Nxc3 32. Bb5 Nxb5 33.
axb5 Kd7 34. Kf2 f5 35. gxf5 exf5 36. Ke3 Kc7 37. Kf3 Kb7 1/2-1/2

[Event "Tradewise Gibraltar AmatWk2"]
[Site "Gibraltar"]
[Date "2018.01.30"]
[Round "4.5"]
[White "Diaz Mino, Daniel"]
[Black "Parker, Keith"]
[Result "1-0"]
[WhiteElo "1698"]
[BlackElo "1849"]
[PlyCount "75"]
[EventDate "2018.01.27"]
[EventType "swiss"]
[EventRounds "5"]
[EventCountry "GGB"]

1. e4 d6 2. d4 Nf6 3. Nc3 Nbd7 4. Nf3 e5 5. dxe5 dxe5 6. Bc4 h6 7. a3 c6 8. O-O
Qc7 9. b4 b5 10. Ba2 a5 11. bxa5 Rxa5 12. Bb2 Bc5 13. Ne1 O-O 14. Nd3 Bd4 15.
Kh1 Nc5 16. Nxc5 Bxc5 17. f3 Qe7 18. a4 Rd8 19. Qe1 b4 20. Ne2 Bd7 21. Nc1 Bd6
22. c3 c5 23. cxb4 cxb4 24. Bb3 Rda8 25. Qd1 Bc6 26. Nd3 Nd7 27. f4 exf4 28.
Nxf4 Rf8 29. Qd3 Be5 30. Ng6 Qg5 31. Nxf8 Nc5 32. Qc4 Nxb3 33. Qxf7+ Kh8 34.
Bxe5 Rxe5 35. Ng6+ Kh7 36. Nxe5 Qxe5 37. Qxb3 Qxe4 38. Qf3 1-0

[Event "Tradewise Gibraltar AmatWk2"]
[Site "Gibraltar"]
[Date "2018.01.30"]
[Round "4.6"]
[White "Johansson, Daniel 1984"]
[Black "Odiase, Oluwaseun"]
[Result "1-0"]
[WhiteElo "1832"]
[BlackElo "1768"]
[PlyCount "99"]
[EventDate "2018.01.27"]
[EventType "swiss"]
[EventRounds "5"]
[EventCountry "GGB"]

1. e4 g6 2. d4 Bg7 3. Be3 a6 4. a4 b6 5. c4 d6 6. Nc3 Nd7 7. a5 bxa5 8. Nf3 Rb8
9. Qc2 c6 10. Be2 Qc7 11. O-O Ngf6 12. h3 O-O 13. Ra2 c5 14. d5 Rb4 15. Rfa1
Qb8 16. Bc1 Nb6 17. Nd2 Bh6 18. Rxa5 Bxd2 19. Bxd2 Nxc4 20. Bxc4 Rxc4 21. b3
Rb4 22. R1a3 c4 23. bxc4 Rxc4 24. Qd3 Rb4 25. Kh2 Kg7 26. f3 Rb3 27. Ra2 Rb2
28. Qc4 Rxa2 29. Rxa2 Nd7 30. Qd4+ f6 31. Be3 Nc5 32. Qd2 Kg8 33. Ne2 Bd7 34.
Bxc5 dxc5+ 35. f4 Bb5 36. Nc3 Rd8 37. Qe3 Qc7 38. Rd2 Bc4 39. e5 fxe5 40. fxe5
a5 41. Qg3 Qb7 42. d6 exd6 43. exd6 Be6 44. Qe5 Qf7 45. Re2 Bc4 46. Re4 Rf8 47.
Re3 Qf4+ 48. Qxf4 Rxf4 49. d7 Rf8 50. Re8 1-0

[Event "Tradewise Gibraltar AmatWk2"]
[Site "Gibraltar"]
[Date "2018.01.30"]
[Round "4.7"]
[White "Longdin, Michael"]
[Black "Valladolid Martin, Francisco Jose"]
[Result "0-1"]
[WhiteElo "1787"]
[BlackElo "1897"]
[PlyCount "94"]
[EventDate "2018.01.27"]
[EventType "swiss"]
[EventRounds "5"]
[EventCountry "GGB"]

1. d4 Nf6 2. Bf4 d6 3. e3 g6 4. c3 Bg7 5. Nf3 Nbd7 6. Nbd2 c5 7. Bd3 O-O 8. h4
Nh5 9. Bh2 e5 10. g4 Nhf6 11. dxe5 Nxe5 12. Nxe5 dxe5 13. Be2 Qe7 14. g5 Nd5
15. Bf3 Rd8 16. Qe2 Be6 17. O-O-O b5 18. c4 bxc4 19. Nxc4 Qc7 20. h5 Rab8 21.
hxg6 hxg6 22. Bg3 Nb6 23. Rxd8+ Rxd8 24. Nxb6 Qxb6 25. a3 Bf5 26. e4 Be6 27.
Qe3 Rd4 28. Rd1 Bb3 29. Rd3 c4 30. Rc3 Qd8 31. Rxb3 cxb3 32. Qxb3 Rd3 33. Qb7
Rxf3 34. Qxa7 Rd3 35. Qa4 Qxg5+ 36. Kb1 Qd8 37. Qb5 Rd1+ 38. Ka2 Qd3 39. Qxd3
Rxd3 40. a4 Kf8 41. a5 Ke8 42. b4 Kd7 43. a6 Kc6 44. Kb2 Kb5 45. a7 Rd8 46. f3
Kxb4 47. Bf2 Bf8 0-1

[Event "Tradewise Gibraltar AmatWk2"]
[Site "Gibraltar"]
[Date "2018.01.30"]
[Round "4.8"]
[White "Maldonado Mena, German"]
[Black "Cherigui, Mourad"]
[Result "0-1"]
[WhiteElo "1701"]
[BlackElo "1892"]
[PlyCount "46"]
[EventDate "2018.01.27"]
[EventType "swiss"]
[EventRounds "5"]
[EventCountry "GGB"]

1. c4 e5 2. Nc3 Nf6 3. g3 d5 4. cxd5 Nxd5 5. Bg2 Be6 6. Nf3 Nc6 7. d3 f6 8. O-O
Qd7 9. a3 O-O-O 10. Bd2 h5 11. h4 g5 12. hxg5 h4 13. Nxh4 Nxc3 14. bxc3 Bh3 15.
e4 Bc5 16. Qf3 Bg4 17. Qxf6 Rdf8 18. Qg6 Bh5 19. Qf5 Rxf5 20. Bh3 Qxd3 21.
Bxf5+ Kb8 22. Ra2 Qxg3+ 23. Ng2 Bf3 0-1

[Event "Tradewise Gibraltar AmatWk2"]
[Site "Gibraltar"]
[Date "2018.01.30"]
[Round "4.9"]
[White "Flynn, David"]
[Black "Bizcocho Mellado, Gregorio"]
[Result "1-0"]
[WhiteElo "1876"]
[BlackElo "1788"]
[PlyCount "65"]
[EventDate "2018.01.27"]
[EventType "swiss"]
[EventRounds "5"]
[EventCountry "GGB"]

1. e4 c5 2. c3 d5 3. exd5 Qxd5 4. d4 Nf6 5. Nf3 Bg4 6. dxc5 Qxd1+ 7. Kxd1 Ne4
8. Be3 e6 9. b4 Nc6 10. Bb5 O-O-O+ 11. Kc2 Bf5 12. Kb3 Be7 13. Bxc6 bxc6 14.
Ne5 Rd5 15. Nxc6 Bf6 16. Nxa7+ Kb7 17. Nb5 e5 18. f3 Be6 19. Kb2 Rd3 20. Re1
Bc4 21. N5a3 Nxc3 22. Nxc3 e4 23. Rac1 Bxa2 24. fxe4 Be6 25. Bf4 g5 26. e5 gxf4
27. exf6 Rd2+ 28. Rc2 Rhd8 29. Re2 R2d4 30. b5 Rb4+ 31. Kc1 Bf5 32. Rb2 Rbd4
33. Rbd2 1-0

[Event "Tradewise Gibraltar AmatWk2"]
[Site "Gibraltar"]
[Date "2018.01.30"]
[Round "4.10"]
[White "Shaw, John S"]
[Black "Marcos Herrero, Francisco"]
[Result "0-1"]
[WhiteElo "1680"]
[BlackElo "1876"]
[PlyCount "38"]
[EventDate "2018.01.27"]
[EventType "swiss"]
[EventRounds "5"]
[EventCountry "GGB"]

1. Nf3 Nf6 2. b3 c5 3. Bb2 g6 4. c4 Bg7 5. e3 O-O 6. Nc3 Nc6 7. d4 cxd4 8. exd4
d5 9. Be2 Bg4 10. O-O dxc4 11. Bxc4 Bxf3 12. Qxf3 Qxd4 13. Rad1 Qb6 14. Rfe1
Rad8 15. Rxd8 Rxd8 16. Ne4 Nd4 17. Bxd4 Rxd4 18. Nxf6+ Bxf6 19. Rxe7 Rxc4 0-1

[Event "Tradewise Gibraltar AmatWk2"]
[Site "Gibraltar"]
[Date "2018.01.30"]
[Round "4.12"]
[White "Haddock, Paul"]
[Black "Lochte, Szilvia"]
[Result "1/2-1/2"]
[WhiteElo "1580"]
[BlackElo "1862"]
[PlyCount "68"]
[EventDate "2018.01.27"]
[EventType "swiss"]
[EventRounds "5"]
[EventCountry "GGB"]

1. e4 c5 2. d4 cxd4 3. c3 dxc3 4. Nxc3 Nc6 5. Nf3 d6 6. Bc4 a6 7. O-O Nf6 8. h3
e6 9. Qe2 Qc7 10. Rd1 Be7 11. Bf4 Ne5 12. Nxe5 dxe5 13. Be3 O-O 14. Rac1 b5 15.
Bb3 Qb8 16. f3 Bb7 17. Bg5 Qa7+ 18. Be3 Bc5 19. Bxc5 Qxc5+ 20. Kh2 Qb6 21. Rd2
Rad8 22. Rcd1 Rd4 23. Qe3 Qc7 24. g3 Rxd2+ 25. Qxd2 Qb6 26. Kg2 Bc6 27. Qd6 Nd7
28. Bxe6 fxe6 29. Qxe6+ Kh8 30. Rxd7 b4 31. Qe7 Rg8 32. Nd5 Qb5 33. Rd8 Qe2+
34. Kg1 Qe1+ 1/2-1/2

[Event "Tradewise Gibraltar AmatWk2"]
[Site "Gibraltar"]
[Date "2018.01.30"]
[Round "4.13"]
[White "Robson, Paul E"]
[Black "Bussmann, John"]
[Result "1-0"]
[WhiteElo "1857"]
[BlackElo "1713"]
[PlyCount "30"]
[EventDate "2018.01.27"]
[EventType "swiss"]
[EventRounds "5"]
[EventCountry "GGB"]

1. e4 d6 2. f4 g6 3. Nf3 Bg7 4. Bc4 Nf6 5. e5 dxe5 6. fxe5 Nh5 7. d4 Bg4 8.
Bxf7+ Kf8 9. Bb3 Ke8 10. c3 e6 11. O-O c6 12. Nbd2 Nf4 13. Ne4 Rf8 14. Nd6+ Kd7
15. Nxb7 Qe8 1-0

[Event "Tradewise Gibraltar AmatWk2"]
[Site "Gibraltar"]
[Date "2018.01.30"]
[Round "4.14"]
[White "Lohia, Sohum"]
[Black "Webel, Peter"]
[Result "1/2-1/2"]
[WhiteElo "1460"]
[BlackElo "1853"]
[PlyCount "45"]
[EventDate "2018.01.27"]
[EventType "swiss"]
[EventRounds "5"]
[EventCountry "GGB"]

1. e4 c5 2. c3 b6 3. d4 Bb7 4. Bd3 Nf6 5. d5 c4 6. Bc2 e6 7. dxe6 dxe6 8. Qxd8+
Kxd8 9. Bg5 h6 10. Bxf6+ gxf6 11. Nd2 Rg8 12. g3 f5 13. O-O-O Kc7 14. Ngf3 fxe4
15. Bxe4 Bxe4 16. Nxe4 Nd7 17. Rd4 b5 18. Rhd1 Nb6 19. Nf6 Rg6 20. Nd7 Nd5 21.
Nxf8 Rxf8 22. Ne5 Rg7 23. f4 1/2-1/2

[Event "Tradewise Gibraltar AmatWk2"]
[Site "Gibraltar"]
[Date "2018.01.30"]
[Round "4.15"]
[White "Dias, Marcos Afonso"]
[Black "Georgieva, Emilia"]
[Result "0-1"]
[WhiteElo "1494"]
[BlackElo "1848"]
[PlyCount "92"]
[EventDate "2018.01.27"]
[EventType "swiss"]
[EventRounds "5"]
[EventCountry "GGB"]

1. e4 c6 2. Bc4 d5 3. Bb3 e6 4. d4 dxe4 5. f3 exf3 6. Nxf3 Be7 7. O-O Nf6 8.
Bf4 Nd5 9. Bd2 Nd7 10. c4 N5f6 11. Nc3 O-O 12. Qc2 b6 13. d5 cxd5 14. cxd5 Nc5
15. dxe6 Bxe6 16. Bxe6 Nxe6 17. h3 Qc7 18. Be3 Rac8 19. a3 Bc5 20. Bxc5 Qxc5+
21. Kh1 Nd5 22. Qb3 Nxc3 23. Rac1 Qb5 24. Rxc3 Qxf1+ 25. Kh2 Rxc3 26. Qxc3 Nf4
27. Qd2 Qxg2+ 28. Qxg2 Nxg2 29. Kxg2 Rc8 30. Ne1 Rc1 31. Kf2 Rb1 32. Nd3 Rd1
33. Ke2 Rh1 34. Nf2 Rh2 35. Kf1 Kf8 36. Kg1 Rxf2 37. Kxf2 Ke7 38. Ke3 Kd6 39.
Ke4 Kc5 40. b3 a5 41. h4 b5 42. Ke5 a4 43. b4+ Kc4 44. Kd6 f5 45. Ke5 g6 46.
Kf4 Kb3 0-1

[Event "Tradewise Gibraltar AmatWk2"]
[Site "Gibraltar"]
[Date "2018.01.30"]
[Round "4.16"]
[White "Anjali, R. Sagar"]
[Black "Ajayi, Ayokanmi"]
[Result "1-0"]
[WhiteElo "1792"]
[BlackElo "1537"]
[PlyCount "51"]
[EventDate "2018.01.27"]
[EventType "swiss"]
[EventRounds "5"]
[EventCountry "GGB"]

1. e4 c6 2. d4 d5 3. Nc3 dxe4 4. Nxe4 Bf5 5. Ng3 Bg6 6. N1e2 h6 7. Nf4 Bh7 8.
Bc4 Nf6 9. O-O e6 10. Re1 Qb6 11. c3 Nbd7 12. a4 a5 13. Qe2 O-O-O 14. Be3 Nd5
15. Nxd5 exd5 16. Bd3 Bxd3 17. Qxd3 Qc7 18. Qf5 f6 19. Bf4 Bd6 20. Bxd6 Qxd6
21. Qg6 Kb8 22. Nf5 Qf4 23. Nxg7 Rdg8 24. Re7 Nf8 25. Qf7 Nh7 26. Rxb7+ 1-0

[Event "Tradewise Gibraltar AmatWk2"]
[Site "Gibraltar"]
[Date "2018.01.30"]
[Round "4.17"]
[White "Laws, Darren C"]
[Black "Sevillano Garcia, Joaquin"]
[Result "1/2-1/2"]
[WhiteElo "1895"]
[BlackElo "1751"]
[PlyCount "70"]
[EventDate "2018.01.27"]
[EventType "swiss"]
[EventRounds "5"]
[EventCountry "GGB"]

1. d4 Nf6 2. Nf3 d5 3. e3 e6 4. Bd3 Nbd7 5. O-O b6 6. b3 Bb7 7. Bb2 Be7 8. Nbd2
O-O 9. Ne5 Ne4 10. f3 Nxd2 11. Qxd2 Nxe5 12. dxe5 f5 13. Rad1 Qe8 14. Qf2 Rd8
15. Qg3 Qh5 16. Rc1 Qg5 17. Qxg5 Bxg5 18. f4 Be7 19. Rfd1 Kf7 20. Kf2 a6 21.
Be2 c5 22. Bf3 Rd7 23. Rd2 Rfd8 24. Rcd1 g6 25. c4 Ke8 26. cxd5 Bxd5 27. Bxd5
Rxd5 28. Rxd5 Rxd5 29. Rxd5 exd5 30. Kf3 Kd7 31. g4 b5 32. g5 c4 33. bxc4 bxc4
34. Ke2 Bb4 35. Kd1 Ke6 1/2-1/2

[Event "Tradewise Gibraltar AmatWk2"]
[Site "Gibraltar"]
[Date "2018.01.30"]
[Round "4.18"]
[White "Fernandez De La Fuente, Jose A"]
[Black "Prata, Jose"]
[Result "0-1"]
[WhiteElo "1735"]
[BlackElo "1895"]
[PlyCount "80"]
[EventDate "2018.01.27"]
[EventType "swiss"]
[EventRounds "5"]
[EventCountry "GGB"]

1. d4 d5 2. Bf4 Nf6 3. e3 c6 4. c4 a6 5. Nc3 b5 6. c5 g6 7. Nf3 Bg7 8. Be2 O-O
9. O-O Bg4 10. h3 Bxf3 11. Bxf3 e6 12. b4 a5 13. a3 Nfd7 14. Qc2 e5 15. dxe5
Nxe5 16. Bxe5 Bxe5 17. Rad1 axb4 18. axb4 Ra3 19. Ne2 f5 20. Rd3 Rxd3 21. Qxd3
Qc7 22. Nc3 Bxc3 23. Qxc3 Nd7 24. Rd1 Nf6 25. Ra1 Ne4 26. Bxe4 fxe4 27. Ra2 Qg7
28. Qd4 Qxd4 29. exd4 Rf7 30. Ra3 h5 31. h4 Kg7 32. g3 Kh6 33. Kg2 g5 34. hxg5+
Kxg5 35. f3 exf3+ 36. Rxf3 Ra7 37. Rf2 Ra4 38. Rb2 Kg4 39. Rb3 Ra2+ 40. Kg1 Rd2
0-1